Irish stories and tales. (Record no. 82699)
[ view plain ]
| 000 -LEADER | |
|---|---|
| fixed length control field | 00830nam a22002411 4500 |
| 003 - CONTROL NUMBER IDENTIFIER | |
| rucl marc code | BD-RjUL |
| 005 - DATE AND TIME OF LATEST TRANSACTION | |
| control field | 20240121120902.0 |
| 008 - FIXED-LENGTH DATA ELEMENTS--GENERAL INFORMATION | |
| fixed length control field | 760521t1955 nyu 000 1 eng |
| 035 ## - SYSTEM CONTROL NUMBER | |
| System control number | (BD-RjUL) |
| 040 ## - CATALOGING SOURCE | |
| Original cataloging agency | DLC |
| Transcribing agency | ICL |
| Modifying agency | DLC |
| Language of cataloging | eng |
| 041 ## - LANGUAGE CODE | |
| Language code of text/sound track or separate title | eng |
| 082 ## - DEWEY DECIMAL CLASSIFICATION NUMBER | |
| Classification number | 823 |
| Author mark and year | GAI 1955 |
| 100 1# - MAIN ENTRY--PERSONAL NAME | |
| Personal name | Garrity, Devin A., |
| Relator term | ed. |
| 9 (RLIN) | 10977 |
| 245 10 - TITLE STATEMENT | |
| Title | Irish stories and tales. |
| 260 ## - PUBLICATION, DISTRIBUTION, ETC. (IMPRINT) | |
| Place of publication, distribution, etc. | [New York, |
| Name of publisher, distributor, etc. | Pocket Books, |
| Date of publication, distribution, etc. | 1955. |
| 300 ## - PHYSICAL DESCRIPTION | |
| Pagination | x, 340 p. |
| Size | 17 cm. |
| 490 0# - SERIES STATEMENT | |
| Series statement | The Pocket library, PL 48 |
| 500 ## - GENERAL NOTE | |
| General note | "Originally published ... under the title 44 Irish short stories. Twelve of these tales have been omitted from this Pocket library edition." |
| 650 #0 - SUBJECT ADDED ENTRY--TOPICAL TERM | |
| Topical term or geographic name as entry element | Short stories, English. |
| 9 (RLIN) | 5091 |
| Topical term or geographic name as entry element | English fiction |
| General subdivision | Irish authors. |
| 9 (RLIN) | 10978 |
| 651 #0 - SUBJECT ADDED ENTRY--GEOGRAPHIC NAME | |
| Geographic name | Ireland |
| General subdivision | Social life and customs |
| Form subdivision | Fiction. |
| 9 (RLIN) | 10979 |
| 942 ## - ADDED ENTRY ELEMENTS (KOHA) | |
| Source of classification or shelving scheme | Dewey Decimal Classification |
| Koha item type | Books |
| Lost status | Source of classification or shelving scheme | Damaged status | Not for loan | Collection code | Permanent Location | Current Location | Shelving location | Date acquired | Total Checkouts | Full call number | Date last seen | Copy number | Koha item type |
|---|---|---|---|---|---|---|---|---|---|---|---|---|---|
| Dewey Decimal Classification | Not For Loan | Fiction | Central Library, University of Rajshahi | Central Library, University of Rajshahi | Reading Room | 21/01/2024 | 823 GAI 1955 | 21/01/2024 | C-1 | Books |